Sports Quiz

Random Sports or NBA Quiz
Score 0/292 Timer 20:00
0 Plays Today
% Correct
Andrea
83.7%
Carmelo
83.3%
Andrew
82.7%
DeMar
82.3%
Andrew
82.2%
Chris
81.3%
D.J.
81.3%
Channing
80%
Arron
79.3%
Caron
78.9%
LeBron
78.4%
Boris
78.3%
Danilo
77.9%
Rajon
77.5%
Corey
76.2%
LaMarcus
74.8%
Amar'e
74.7%
Luol
74.7%
Pau
74.7%
Al
74.5%
Russell
74.4%
DeMarre
74.3%
Ricky
74.3%
Tayshaun
74.3%
Rudy
74.2%
Leandro
73.8%
O.J.
73.6%
JaVale
73.5%
Joakim
73.5%
Thabo
73.5%
Jrue
73.4%
Kirk
73.4%
Tiago
73.3%
Yao
73.3%
Andris
73.1%
Darren
73.1%
Andre
73%
Carlos
72.9%
Blake
72.1%
DeSagana
72.1%
Dwight
72%
Hedo
71.8%
Kosta
71.7%
Nene
71.7%
Brook
71.6%
James
71.3%
Drew
71.2%
Stromile
71.1%
Tyson
71.1%
Zach
71.1%
Daequan
70.9%
Sebastian
70.9%
Alexis
70.8%
Omri
70.7%
Robin
70.5%
Thaddeus
70.4%
J.J.
70.3%
Kevin
70.3%
Hasheem
70.2%
Kyle
70.2%
Serge
70.2%
Darko
70%
Danny
69.6%
Rodney
69.5%
Shane
69.4%
Dwyane
69.3%
Kenyon
69.1%
Marco
69.1%
Jameer
69%
Taj
69%
Greg
68.9%
Emeka
68.6%
Raymond
68.6%
Roy
68.5%
J.J.
68.3%
Marreese
68.3%
Shaun
68.2%
Kwame
68.1%
Tyreke
68.1%
Samuel
67.8%
Yi
67.8%
Beno
67.7%
Kendrick
67.7%
Jamal or Jamaal
67.6%
Luke
67.6%
Mike
67.4%
Kris
67.3%
Ty
67.3%
Kevin
67.2%
Charlie
66.7%
Stephen
66.7%
Sasha
66.5%
Tyler
66.5%
Jarrett
66.4%
Nicolas
66.4%
Eddie or Eddy
66.3%
Chris
66.1%
Austin
66%
% Correct
Jonny
65.6%
Mike
65.5%
Jordan
65.4%
Jerryd
64.7%
Jared
64.5%
Jason or Jay
64.5%
Spencer
64.2%
Ian
63.8%
Ike
63.7%
Randy
63.7%
Darrell
63.3%
Chris
63.2%
Keyon
63%
Derrick
62.9%
J.R.
62.9%
Mickael
62.9%
Speedy
62.9%
Jeff
62.8%
Brandan or Brandon
62.7%
Quentin
62.5%
Adam
62.4%
Courtney
62.3%
Wilson
62.3%
Acie
62.1%
Ben
62.1%
Deron
62.1%
Jamal or Jamaal
62.1%
Brandan or Brandon
61.9%
Rashad
61.9%
Delonte
61.8%
Jamal or Jamaal
61.5%
Javaris
61.5%
Vladimir
61.4%
Francisco
61.2%
Joel
61.2%
Brendan
61.1%
Josh
60.9%
Linas
60.6%
Nick
60.6%
Chris
59.9%
Hakim
59.7%
Nenad
59.6%
Al
59%
DeShawn
59%
Luther
58.9%
Martell
58.9%
Mateen
58.9%
Shelden
58.9%
Wayne
58.7%
Dahntay
58.3%
David
57.8%
Nikoloz
57.8%
Danny
57.5%
Renaldo
57.4%
Hilton
57.1%
Rudy
56.2%
Sasha
56.1%
Nate
55.8%
Richard
55.8%
Mike
55.6%
Shannon
55.6%
Brandan or Brandon
55.2%
Sean
55.2%
Primoz
55%
Eric or Erick
54.9%
John
54.9%
Gerald
54.7%
Mark
54.7%
Sergio
54.5%
Kareem
54.4%
Gerald
54.3%
Marcus
54.1%
Shawne
53.6%
Dajuan
53.5%
Travis
53.5%
Johan
53.4%
Marvin
53%
Tyrus
53%
Juan
52.7%
Qyntel
51.9%
Rafael
51.9%
J.R.
51.7%
Patrick
51.6%
David
51.4%
Aaron
51.3%
Darius
51%
Robert
51%
T.J.
50.9%
Morris
50.8%
Desmond
50.3%
Jason or Jay
50.3%
Mike
50%
Melvin
49.2%
Tony or Toney
49.2%
Eric or Erick
48.7%
Dorell
48.6%
Earl
48.4%
Jared
48.4%
% Correct
Wayne
47.5%
Chris
47.2%
Jarvis
47.2%
Tony or Toney
47.2%
George
46.8%
Ronnie
46.8%
Eddie or Eddy
46.6%
Troy
46.6%
Mamadou
46.5%
Pavel
46.5%
Kevin
46.4%
Devin
46.3%
Brian
45.6%
Curtis
45.6%
Mouhamed
45.6%
Jiri
45.3%
Byron
45.2%
Rodrigue
45.1%
Eric or Erick
44.8%
Bostjan
44.7%
Etan
44.6%
Mike
44.6%
Mardy
44.3%
Jason or Jay
44.2%
Jerome
43.7%
Christian
43.5%
Casey
43.4%
Al
43.2%
Zarko
43.2%
Alando
42.4%
Maurice
42.1%
Jake
41.9%
Courtney
41.6%
Nick
41.6%
Joe or Joey
41.3%
Julius
41.3%
Rodney
40.4%
Anthony
39.8%
Marcus
39.5%
Josh
38.8%
Reece
38.6%
Terrence
37.2%
Quincy
37%
Dalibor
36.8%
Joe or Joey
36.8%
Victor or Viktor
36.8%
Donnell
36.6%
Jeff
36.2%
Kirk
36%
Joel
35.9%
Marcus
35.7%
DerMarr
35.4%
Zoran
35.3%
Ndudi
35.1%
Donte
34.6%
Morris
34.4%
Jason or Jay
34.2%
Ryan
34.2%
Fran
34.1%
Oleksiy
34%
Gerald
32%
Jordan
32%
Raul
32%
Josh
31.5%
Luke
30.9%
Sergei
30.7%
Brandan or Brandon
30.5%
Joe or Joey
30.2%
Tony or Toney
28.9%
Brandan or Brandon
28.8%
Kirk
28.4%
Fred
27.9%
David
27.8%
Sean
27.8%
Jason or Jay
27.5%
Yaroslav
26.1%
Jeryl
26%
Joe or Joey
25.8%
Steven
25.8%
Victor or Viktor
25.3%
Julian
25.2%
Kedrick
24.9%
Troy
23%
Petteri
22%
Marcus
20%
Ryan
20%
Chris
19.9%
Rodney
19.9%
Jason or Jay
19.4%
Cedric
18%
D.J.
16.8%
Frank
16.7%
Jason or Jay
16.4%
Antoine
15.8%
James
15.1%
Mike
12%
Remove Ads.
Support Sporcle.
Get the best of Sporcle when you Go Orange. This ad-free experience offers more features, more stats, and more fun while also helping to support Sporcle. Thank you for becoming a member.

You're not logged in!

Compare scores with friends on all Sporcle quizzes.
OR
Log In

Show Comments

Extras

Top Quizzes Today


Score Distribution

Your Account Isn't Verified!

In order to create a playlist on Sporcle, you need to verify the email address you used during registration. Go to your Sporcle Settings to finish the process.

Report this User

Report this user for behavior that violates our Community Guidelines.

Details: